Southville International School and Colleges
Your cart is empty.
  • Cart
  • Lists
    Public lists Eva Luna New books Lux_list list_1
    Your lists Log in to create your own lists
  • Log in to your account
  • Your cookies
  • Search history
Southville International School and Colleges
  • Advanced search
  • Recent comments
  • Most popular
  • Libraries

Log in to your account

Log in with GOOGLE


If you do not have an external account, but do have a local account, you can still log in:

  1. Home
  2. MARC view: The three theban plays :
Normal view MARC view ISBD view

The three theban plays : (Record no. 2331)

[ view plain ]
MARC details
000 -LEADER
fixed length control field 01383cam a2200397 a 4500
001 - CONTROL NUMBER
control field 4241544
003 - CONTROL NUMBER IDENTIFIER
control field OSt
005 - DATE AND TIME OF LATEST TRANSACTION
control field 20151028113550.0
008 - FIXED-LENGTH DATA ELEMENTS--GENERAL INFORMATION
fixed length control field 830613s1984 enkj b 000 0 eng
010 ## - LIBRARY OF CONGRESS CONTROL NUMBER
LC control number 83013053
020 ## - INTERNATIONAL STANDARD BOOK NUMBER
International Standard Book Number 0140444254 (pbk.)
040 ## - CATALOGING SOURCE
Original cataloging agency DLC
Transcribing agency DLC
Modifying agency DLC
041 1# - LANGUAGE CODE
Language code of text/sound track or separate title enggrc
043 ## - GEOGRAPHIC AREA CODE
Geographic area code e-gr---
050 10 - LIBRARY OF CONGRESS CALL NUMBER
Classification number PA 4414
Item number .So712 1984
082 00 - DEWEY DECIMAL CLASSIFICATION NUMBER
Classification number IB 882.01
Item number So6 1982
100 0# - MAIN ENTRY--PERSONAL NAME
Personal name Sophocles.
240 10 - UNIFORM TITLE
Uniform title <a href="Selections.">Selections.</a>
Language of a work English.
Date of a work 1984
245 14 - TITLE STATEMENT
Title The three theban plays :
Statement of responsibility, etc Sophocles ; translated by Robert Fagles ; introductions and notes by Bernard Knox.
Remainder of title Antigone, Oedipus the king, Oedipus at Colonus.
260 ## - PUBLICATION, DISTRIBUTION, ETC. (IMPRINT)
Place of publication, distribution, etc Harmondsworth, Middlesex, England ;
-- New York, N.Y. :
Name of publisher, distributor, etc Penguin Books,
Date of publication, distribution, etc 1984.
300 ## - PHYSICAL DESCRIPTION
Extent 430 p. :
Other physical details geneal. table ;
Dimensions 18 cm.
440 #0 - SERIES STATEMENT/ADDED ENTRY--TITLE
Title Penguin classics
504 ## - BIBLIOGRAPHY, ETC. NOTE
Bibliography, etc Bibliography: p. [421]-423.
505 0# - FORMATTED CONTENTS NOTE
Formatted contents note Antigone -- Oedipus the King -- Oedipus at Colonus.
562 ## - COPY AND VERSION IDENTIFICATION NOTE
Number of copies For circulation : 1 copy in the collection
600 00 - SUBJECT ADDED ENTRY--PERSONAL NAME
Personal name Sophocles
General subdivision Translations into English.
650 #0 - SUBJECT ADDED ENTRY--TOPICAL TERM
Topical term or geographic name as entry element Antigone (Greek mythology)
General subdivision Drama.
650 #0 - SUBJECT ADDED ENTRY--TOPICAL TERM
Topical term or geographic name as entry element Oedipus (Greek mythology)
General subdivision Drama.
651 #0 - SUBJECT ADDED ENTRY--GEOGRAPHIC NAME
Geographic name Thebes (Greece)
General subdivision Drama.
655 #7 - INDEX TERM--GENRE/FORM
Genre/form data or focus term Tragedies.
Source of term gsafd
700 1# - ADDED ENTRY--PERSONAL NAME
Personal name Fagles, Robert.
700 1# - ADDED ENTRY--PERSONAL NAME
Personal name Knox, Bernard,
Dates associated with a name 1914-2010.
906 ## - LOCAL DATA ELEMENT F, LDF (RLIN)
a 7
b cbc
c orignew
d 1
e ocip
f 19
g y-gencatlg
942 ## - ADDED ENTRY ELEMENTS (KOHA)
Source of classification or shelving scheme Library of Congress Classification
Koha item type Books
Holdings
Withdrawn status Lost status Source of classification or shelving scheme Damaged status Home library Current library Shelving location Date acquired Total Checkouts Full call number Barcode Date last seen Date checked out Copy number Price effective from Koha item type
    Library of Congress Classification   Luxembourg Library Luxembourg Library International Baccalaureate Section 03/11/2013 1 PA 4414 .So712 1984 15493 06/29/2016 03/07/2016 1 10/03/2013 Books

The three theban plays :

APA

Sophocles, Fagles R. & Knox B. (1984). The three theban plays. Harmondsworth, Middlesex, England: Penguin Books.

Chicago

Sophocles, Fagles Robert and Knox Bernard. 1984. The three theban plays. Harmondsworth, Middlesex, England: Penguin Books.

Harvard

Sophocles, Fagles R. and Knox B. (1984). The three theban plays. Harmondsworth, Middlesex, England: Penguin Books.

MLA

Sophocles, Fagles Robert and Knox Bernard. The three theban plays. Harmondsworth, Middlesex, England: Penguin Books. 1984.

  • Place hold
  • Print
  • Cite
  • Add to your cart (remove)
  • Save record
    BIBTEX Dublin Core MARCXML MARC (non-Unicode/MARC-8) MARC (Unicode/UTF-8) MARC (Unicode/UTF-8, Standard) MODS (XML) RIS
  • More searches
    Search for this title in:
    Other Libraries (WorldCat) Other Databases (Google Scholar) Online Stores (Bookfinder.com) Open Library (openlibrary.org)

Exporting to Dublin Core...

SOUTHVILLE LIBRARY

Southville International School and Colleges Library

1281 Tropical Ave. Cor. Luxembourg St., BF Homes International, Las Pinas City

Tel. No. 8256374 / 252358 Loc. 117/146

Powered by Koha